000 00239nam a22001217a 4500
082 _a494
_bAGY/C
100 _aAGNEY
245 _aCHUNI HUYI KAVITHAYEM
260 _aDELHI
_bRAJPAL
300 _a183
650 _aPOETRY
_zDELHI
942 _cBK
999 _c4195
_d4195